LEADER 01083nam a2200277 i 4500 001 000000146273 003 CaOOAMICUS 005 20051223000000.0 008 051223s1987 it u000 u ita u 013 $a122954 040 $aSeMil$bita 100 1 $aAlgarotti, Francesco,$d<1712-1764>.$0(OLS)http://semarc/name/11506 245 10$aSaggio sopra l'Impero degli Incas /$cFrancesco Algarotti ; a cura di Angelo Morino. 260 $aPalermo :$bSellerio,$ccopyr. 1987. 300 $a67 p. ;$c17 cm. 490 0 $aLa memoria ;$v153 500 $aFondo Ciprandi. 650 4$aInca.$0(OLS)http://semarc/subject/7775 700 1 $aMorino, Angelo,$d<1949-2007>.$0(OLS)http://semarc/name/25189 830 3$aLa memoria ;$v153.$0(OLS)http://semarc/title/10970 850 $aSeMil 852 $aSeMil$W1$xVenegono$y1$m1B I 150$j98966$B98966$CSeMilBibl$Z2$F107294 $81 941 1 $a1 961 $aOmaggio: Ciprandi dott. Paolo 996 $6245$aSaggio sopra l'Impero degli Incas$9(OLS)http://semarc/title/213921 996 $6260$aPalermo :$bSellerio$9(OLS)http://semarc/publisher/32246 LEADER 01991nam a2200265 4500 001 000000340607 003 CaOOAMICUS 005 20200812085208.0 008 200616s2011 it 000 u ita r 020 $a978-88-7180-929-8 040 $aSeMil$bita 100 1 $aGherardini, Brunero,$c.$0(OLS)http://semarc/name/90206 245 13$aLa Cattolica :$blineamenti d'ecclesiologia agostiniana /$cBrunero Gherardini. 264 1$aTorino :$bLindau,$c2011. 300 $a200 p. ;$c21 cm 520 2 $aL'insegnamento ecclesiologico del grande Vescovo d'Ippona ebbe il merito di fronteggiare una situazione terribilmente critica: l'unità della Chiesa infranta dallo scisma dei donatisti e minacciata da altri gravissimi errori, come quello manicheo e quello pelagiano. Sant'Agostino ebbe ragione degli uni e degli altri riaffermando la dottrina di sempre e riproponendo, quindi, il volto genuino della Chiesa di Cristo, come era pervenuta fino a lui sulle ali sicure della Tradizione cattolica. All'antichiesa di Donato, infatti, contrappose vittoriosamente la Chiesa d'oggi, di ieri, di sempre: la Cattolica.I nostri tempi, è evidente, non sono quelli di sant'Agostino, ma il suo intento di ritrovare l'unità della Chiesa nei valori trasmessi dalla Tradizione ecclesiale è ancor oggi esemplare. Lo riproponiamo in un momento in cui quell'unità sembra entrare in crisi. 650 4$aAgostino, Aurelio - Ecclesiologia.$0(OLS)http://semarc/subject/35587 830 2$aI pellicani.$0(OLS)http://semarc/title/23653 850 $aSeMil 852 $aSeMil$W1$xVenegono$y1$m2T III 35$j220526$B231679$CSeMilBibl$Z2$F231679 $81 961 $aBrambilla don Paolo - Omaggio 996 $6020$a978-88-7180-929-8$9(OLS)http://semarc/number/290528 996 $6245$aLa Cattolica :$blineamenti d'ecclesiologia agostiniana$9(OLS)http://semarc/title/429658 996 $6264$aTorino :$bLindau$9(OLS)http://semarc/publisher/32348